| 000 | 02389nam a2200313 a 4500 | ||
|---|---|---|---|
| 001 | 000000755 | ||
| 003 | DO-SdBNP | ||
| 005 | 20250401135254.0 | ||
| 007 | ta | ||
| 008 | 090509s2004 dr 000 0 spa d | ||
| 020 | _a9993404535 | ||
| 040 |
_aDO-SdBNP _bspa _cBNPHU |
||
| 082 | 4 |
_a324.27293 _bJ96p, 2004 _222 |
|
| 100 | 1 |
_aJusto Duarte, Amaury, _d1942- _98575 |
|
| 245 | 1 | 0 |
_aPartidos políticos en la sociedad dominicana 1844-2004 / _cAmaury Justo Duarte. |
| 250 | _a2a. ed. | ||
| 260 |
_aSanto Domingo : _bBúho, _c2004. |
||
| 300 |
_a381 p. ; _c23 cm. |
||
| 500 | _aIncluye datos biográficos del autor en la solapa de la cubierta | ||
| 500 | _aIncluye referencias bibliográficas y notas al pie de las páginas | ||
| 504 | _aBibliografía : p. 377-381 | ||
| 505 | 2 |
_aIntroducción general -- _gPrimera Parte. _t(1844-1899) -- _tResumen -- _tLas organizaciones políticas en la Primera República -- _tLas organizaciones políticas después de la restauración -- . _gSegunda Parte. _t(1900-1930) -- _tResumen -- _tLas organizaciones políticas a principios del siglo XX -- _tLas organizaciones políticas durante la ocupación militar (1916-1924) -- _tLas organizaciones políticas en el gobierno de Horacio Vasquez (1924-1930) -- _gTercera Parte. _t(1930-1961) -- _tResumen -- _tLas organizaciones políticas en la dictadura de Trujillo (1930-1961) -- _gCuarta Parte. _t1961-1965 -- _tResumen -- _tLas organizaciones políticas a la caida de la dictadura -- La corriente conservada -- _tLa corriente liberal -- _tOtros grupos políticos liberales -- _tLa corriente revolucionaria-- _gQuinta Parte. _t(1965-1978) -- _tResumen -- _tLas organizaciones políticas a partir de la intervención norteamericana -- _tLa corriente conservadora -- _tLa corriente liberal -- _tLa corriente revolucionaria -- _tSexta Parte. _t(1978-1998) -- _tResumen -- _tLas organizaciones políticas desde el gobierno de Antonio Guzmán hasta el régimen de Leonel Fernández -- _tLa corriente conservadora -- _tLa corriente liberal -- _tLa corriente revolucionaria -- _tBibliografía -- _tÍndice general. |
|
| 590 | _aInventariado, 2020/VM | ||
| 650 | 4 |
_aPartidos políticos _zRepública Dominicana _y1844-2004 _92583 |
|
| 651 | 4 |
_aRepública Dominicana _xPolítica y gobierno _y1844-2004 _92584 |
|
| 651 | 4 |
_aRepública Dominicana _xHistoria _y1844-2004 _92585 |
|
| 910 | _aVMateo /Validado. Control de calidad MFF | ||
| 942 |
_2ddc _cLBS1 |
||
| 999 |
_c751 _d751 |
||